Statistics for US Overseas Territories

Click here to take the quiz!

General Stats

  • This quiz has been taken 83 times
  • The average score is 8 of 14

Answer Stats

Hint Answer % Correct
Puerto Rico
98%
US Virgin Islands
89%
Guam
87%
American Samoa
74%
Northern Mariana Islands
63%
Wake Island
52%
Midway Islands
46%
Howland Island
41%
Baker Island
39%
Jarvis Island
39%
Navassa Island
39%
Johnston Atoll
37%
Kingman Reef
37%
Palmyra Atoll
37%

Score Distribution

Percentile by Number Answered

Percent of People with Each Score

Your Score History

You have not taken this quiz